Statistiche per CONTINUA LA CANZONE! #3

Clicka qui per fare il quiz!

Statistiche generali

  • Questo quiz è stato fatto 52 volte
  • Il punteggio medio è 6 su 14

Statistiche sulle risposte

HintRisposta% Corretto
PICCOLA STELLA (Ultimo)

Sei la cosa più bella che indosso
Sei risorsa, sei il cielo e sei il mondo
Sei la strada che porta alla vita
Donna instabile, sei la mia sfida
Sei la piccola stella che porto
Nei momenti in cui non --- ---
ho luce
67%
ALBACHIARA (Vasco Rossi)

Ti vesti svogliatamente
Non metti mai niente che possa attirare attenzione
Un particolare, per farti guardare
E con la faccia pulita
Cammini per strada mangiando una mela
Coi libri di scuola, ti piace studiare
--- --- --- --- ---
Non te ne devi vergognare
59%
TERRA PROMESSA (Ramazzotti)

Una terra promessa
Un mondo diverso
Dove crescere i nostri pensieri
Noi non ci fermeremo
Non ci stancheremo di cercare
--- --- ---
Il nostro cammino
57%
MENTRE TUTTO SCORRE (Negramaro)

Usami, straziami, strappami l'anima
Fai di me quel che vuoi tanto non cambia
L'idea che ormai ho di te, verde coniglio
--- --- --- ---
Dalle mille facce buffe
52%
CRUDELIA (Marracash)

Tutto l'amore che ho, tutte le forze che ho in me
Tutto l'orgoglio che ho, sarei --- ---
impazzito sennò
50%
RINGO STARR (Pinguini Tattici Nucleari)

Ma questa sera ho solo voglia di ballare, di perdere la testa e non pensare più
Che la mia vita non è niente di speciale e --- --- --- --- --- --- ---
forse alla fine c’hai ragione tu
46%
SOLDI (Mahmood)

È difficile stare al mondo
quando perdi l'orgoglio
lasci casa in un giorno
Tu dimmi se
Pensavi solo ai soldi soldi
Come se avessi avuto soldi soldi
Dimmi se ti manco o te ne fotti fotti
Mi chiedevi come va come va come va
Adesso come va come va come va
Ciò che devi dire non l'hai detto
--- --- --- --- --- ---
Tradire è una pallottola nel petto
46%
L'ANNO CHE VERRA' (Lucio Dalla)

Caro amico, ti scrivo, così mi distraggo un po'
E siccome sei molto lontano, più forte ti scriverò
Da quando sei partito c'è una grande novità
L'anno vecchio è finito, ormai
Ma qualcosa ancora qui non va
Si esce poco la sera, compreso quando è festa
E c'è chi ha messo dei sacchi di sabbia vicino alla finestra
E si sta senza parlare --- --- ---
per intere settimane
41%
TRAN TRAN (Sfera Ebbasta)

Collane ghiacciate, c'ho il cuore a metà
Già alla mia età
Non puoi parlare dei miei contenuti, fra', non hai l'età
Che barba, che noia, che cantilena
Lo so, ti hanno detto non canto bene
Però ti ho già detto: "Non me ne frega"
Trovati un lavoro e dai una mano in casa
--- --- --- --- --- --- --- ---
Piuttosto che chiedere i soldi a tua mamma
41%
UN' EMOZIONE DA POCO (Anna Oxa)

Ed io non vedo più la realtà
Non vedo più a che punto sta
La netta differenza
Fra il più cieco amore e la più stupida pazienza
No, io non vedo più la realtà
Né quanta tenerezza ti dà
La mia incoerenza
--- --- --- --- --- ---
Pensare che vivresti benissimo anche senza
28%
MI VENDO (Renato Zero)

Mi vendo
La grinta che non hai
In cambio del tuo inferno
Ti do due ali, sai
Mi vendo
Un'altra identità
Ti do quello che il mondo
--- --- --- ---
Distratto non ti dà
24%
SOLO UNA VOLTA (Alex Britti)

Il tempo va, passano le ore
E finalmente faremo l'amore
Solo una volta o tutta la vita
Speriamo prima che l'estate sia finita
Il tempo va, passano le ore
Vorrei poter non lavare l'odore
Di questa notte ancora da capire
--- --- --- --- ---
Però peccato che dovrà finire
24%
A FARI SPENTI (Elodie)

E sento ancora addosso le tue ma-ma-ma-
E sento ancora addosso le tue mani, ah-ah, ah
Ti vedo mentre guidi a fari spenti, ah-ah, ah
Vite fragili come origami ah-ah, ah-ah
Ed era tutto lì, in --- --- --- --- --- --- ---
quei pochi istanti il mistero di cercarsi
15%
CI SARA' (AL Bano e Romina Power)

Ci sarà una storia d'amore ed un mondo migliore
Ci sarà un azzurro più intenso ed un cielo più immenso
Ci sarà la tua ombra al mio fianco vestita di bianco
Ci sarà anche --- --- --- --- --- --- --- ---
un modo più umano per dirsi ti amo
11%

Distribuzione punteggi

Percentile per numero di risposta

Percentuale di utenti per punteggio

I tuoi punteggi nel tempo

Non hai fatto questo quiz